[Event "CHN Nat Games qual tt 15th"]
[Site "Huairou District"]
[Date "2025.06.12"]
[Round "5.7"]
[White "Sun, Fanghui"]
[Black "Ding, Yixin"]
[Result "1/2-1/2"]
[WhiteElo "2185"]
[BlackElo "2392"]
[PlyCount "53"]
[EventDate "2025.06.11"]
[EventType "team-swiss (rapid)"]
[EventRounds "7"]
[EventCountry "CHN"]
[SourceTitle "CB25_2025"]
[SourceDate "2025.06.18"]
[SourceVersion "1"]
[SourceVersionDate "2025.06.18"]
[SourceQuality "1"]
[WhiteTeam "Shandong Province"]
[BlackTeam "Zhejiang Province"]
[WhiteTeamCountry "CHN"]
[BlackTeamCountry "CHN"]

1. e4 c5 2. Nf3 Nc6 3. d4 cxd4 4. Nxd4 Nf6 5. Nc3 e5 6. Ndb5 d6 7. Bg5 a6 8. Na3 b5 9. Nd5 Be7 10. Bxf6 Bxf6 11. c3 Bg5 12. Nc2 Rb8 13. a4 bxa4 14. Ncb4 Nxb4 15. Nxb4 Bd7 16. Bxa6 Qa5 17. Qxd6 Rb6 18. Qd3 Be6 19. 0-0 0-0 20. Bc4 Rd8 21. Bd5 Bxd5 22. exd5 Be7 23. Qd1 Bxb4 24. Rxa4 Qxd5 25. Qxd5 Rxd5 26. Rxb4 Rxb4 27. cxb4 1/2-1/2

[Event "TCh-CHN Div A Finals"]
[Site "Shaoxing"]
[Date "2024.12.03"]
[Round "1.2"]
[White "Lu, Miaoyi"]
[Black "Ding, Yixin"]
[Result "1/2-1/2"]
[WhiteElo "2441"]
[BlackElo "2392"]
[PlyCount "109"]
[EventDate "2024.12.02"]
[EventType "team-k.o."]
[EventRounds "4"]
[EventCountry "CHN"]
[SourceTitle "CB50_2024"]
[SourceDate "2024.11.01"]
[SourceVersion "1"]
[SourceVersionDate "2024.11.01"]
[SourceQuality "2"]
[WhiteTeam "Hangzhou"]
[BlackTeam "Zhejiang"]
[WhiteTeamCountry "CHN"]
[BlackTeamCountry "CHN"]

1. d4 Nf6 2. Nf3 d5 3. e3 e6 4. b3 Bd6 5. Bb2 b6 6. c4 Bb7 7. Bd3 0-0 8. 0-0 Ne4 9. Nbd2 Nd7 10. Rc1 Qe7 11. b4 Nxd2 12. Nxd2 dxc4 13. Nxc4 Bxb4 14. a3 Bd6 15. Nxd6 cxd6 16. Rc7 Rab8 17. Qg4 Rfc8 18. Rfc1 Qd8 19. d5 Nf6 20. Bxf6 Qxf6 21. Qc4 Rf8 22. e4 exd5 23. exd5 Rfe8 24. Be4 g6 25. Bf3 Rbc8 26. Qa4 a6 27. Rxc8 Rxc8 28. Rxc8+ Bxc8 29. Qe8+ Kg7 30. h4 Bb7 31. h5 gxh5 32. a4 h6 33. Qe3 b5 34. a5 b4 35. Qb6 Qa1+ 36. Kh2 Qe5+ 37. Kg1 Bxd5 38. Bxd5 Qxd5 39. Qxa6 b3 40. Qb6 Kh7 41. a6 Qd1+ 42. Kh2 Qa1 43. Qxb3 Qxa6 44. Qxf7+ Kh8 45. f4 Qe2 46. f5 Qg4 47. Qf8+ Kh7 48. Qe7+ Kg8 49. Qe6+ Kg7 50. Qe7+ Kg8 51. f6 Qh4+ 52. Kg1 Qd4+ 53. Kf1 Qf4+ 54. Kg1 Qd4+ 55. Kf1 1/2-1/2

[Event "TCh-CHN Div A Finals"]
[Site "Shaoxing"]
[Date "2024.12.02"]
[Round "1.1"]
[White "Ding, Yixin"]
[Black "Zhai, Mo"]
[Result "1-0"]
[WhiteElo "2392"]
[BlackElo "2369"]
[PlyCount "133"]
[EventDate "2024.12.02"]
[EventType "team-k.o."]
[EventRounds "4"]
[EventCountry "CHN"]
[SourceTitle "CB50_2024"]
[SourceDate "2024.11.01"]
[SourceVersion "1"]
[SourceVersionDate "2024.11.01"]
[SourceQuality "2"]
[WhiteTeam "Zhejiang"]
[BlackTeam "Hangzhou"]
[WhiteTeamCountry "CHN"]
[BlackTeamCountry "CHN"]

1. e4 e5 2. Nf3 Nc6 3. Nc3 Nf6 4. Bb5 Nd4 5. 0-0 c6 6. Bd3 Nxf3+ 7. Qxf3 g6 8. Bc4 Bg7 9. d4 d6 10. dxe5 dxe5 11. Be3 Qe7 12. a4 0-0 13. h3 b6 14. Rfd1 Ne8 15. Rd2 Nc7 16. a5 b5 17. Bb3 Ne6 18. Ne2 Rd8 19. Rxd8+ Nxd8 20. Rd1 Be6 21. Nc1 h6 22. Qe2 Bxb3 23. Nxb3 Ne6 24. c3 Kh7 25. Rd2 Rc8 26. g3 Rc7 27. Qd3 h5 28. Qd6 Qxd6 29. Rxd6 Bf8 30. Rd2 h4 31. Kg2 hxg3 32. fxg3 Be7 33. h4 Kg7 34. Kf3 f5 35. h5 fxe4+ 36. Kxe4 gxh5 37. Kxe5 Nf8 38. Nc5 Kg6 39. Ke4 Bxc5 40. Bxc5 Ne6 41. Rd6 Kf7 42. Be3 Kf6 43. Bd4+ Ke7 44. Be5 Rc8 45. b4 Ng5+ 46. Kf5 Nf7 47. Rg6 a6 48. Bf4 Rf8 49. Rg7 Kd7 50. Rh7 Ke7 51. Rxh5 Nd6+ 52. Ke5 Nc4+ 53. Kd4 Rd8+ 54. Kc5 Rd3 55. Kxc6 Rxc3 56. Kb7 Rb3 57. Kxa6 Rxb4 58. Rxb5 Ra4 59. Rb7+ Ke6 60. Kb5 Nb2 61. Rb6+ Kf5 62. a6 Ra1 63. Bb8 Nd1 64. a7 Nc3+ 65. Kc6 Ne4 66. Rb5+ Kg4 67. Kb7 1-0